Rekordspieler: FC Bayern München - Statistiken

Allgemein
  • Dieses Quiz wurde 204 mal gespielt
  • Das Durchschnittsergebnis liegt bei 14 aus 26
Antwortstatistiken
Spiele Antwort % Korrekt
751 Thomas Müller
96%
566 Manuel Neuer
92%
613 Gerd Müller
89%
632 Oliver Kahn
86%
517 Philipp Lahm
86%
500 Bastian Schweinsteiger
83%
425 Franck Ribéry
77%
410 Lothar Matthäus
76%
709 Sepp Maier
75%
584 Franz Beckenbauer
70%
440 Joshua Kimmich
69%
375 Robert Lewandowski
68%
363 Jérôme Boateng
66%
431 David Alaba
57%
551 Klaus Augenthaler
51%
352 Paul Breitner
51%
469 Mehmet Scholl
46%
341 Uli Hoeneß
44%
422 Karl-Heinz Rummenigge
41%
554 Georg Schwarzenbeck
40%
440 Franz Roth
28%
365 Hasan Salihamidzic
16%
360 Rainer Ohlhauser
9%
511 Bernd Dürnberger
8%
371 Hans Pflügler
7%
360 Dieter Brenninger
4%
Keine übereinstimmenden Quizze gefunden
Verteilung der Resultate
Anzahl Personen mit jedem Resultat
Perzentil nach korrekt beantworteten Fragen
Ihre Resultats-Entwicklung
Sie haben dieses Quiz noch nicht gespielt